Media and society: Critical perspectives (Record no. 148308)

MARC details
000 -LEADER
fixed length control field 00372nam a2200145Ia 4500
008 - FIXED-LENGTH DATA ELEMENTS--GENERAL INFORMATION
fixed length control field 230917s9999||||xx |||||||||||||| ||und||
040 ## - CATALOGING SOURCE
-- 127506
Original cataloging agency VIVEKANANDA LIBRARY
041 ## - Language
-- English
082 ## - DDC NUMBER
Classification number 070.1 B95M
100 ## - MAIN ENTRY--PERSONAL NAME
Personal name Burton, Graeme
245 #0 - TITLE STATEMENT
Title Media and society: Critical perspectives
260 ## - PUBLICATION, DISTRIBUTION, ETC. (IMPRINT)
Place of publication, distribution, etc New Delhi
Name of publisher, distributor, etc Rawat Publications
Date of publication, distribution, etc 2009
300 ## - PHYSICAL DESCRIPTION
Pages 378 p.
942 ## - ADDED ENTRY ELEMENTS (KOHA)
Koha item type Books
Holdings
Withdrawn status Lost status Damaged status Not for loan Location (home branch) Sublocation or collection (holding branch) Date acquired Koha issues (times borrowed) Koha full call number Accession No. Koha date last seen Koha item type
        VIVEKANANDA LIBRARY VIVEKANANDA LIBRARY 23/01/2010   070.1 B95M 264146 17/09/2023 Books
        VIVEKANANDA LIBRARY VIVEKANANDA LIBRARY 23/01/2010   070.1 B95M 264914 17/09/2023 Books
© Designed and Maintained by Vivekananda Library, MDU Rohtak